| 000 | 02533cam a22005174i 4500 | ||
|---|---|---|---|
| 003 | PE-LiUPU | ||
| 005 | 20250731173345.0 | ||
| 008 | 150706s2009 miua rb 000 0 eng d | ||
| 020 | _a9780801032134 | ||
| 035 | _a(Sirsi) i9780801032134 | ||
| 040 |
_aPE-LiUPU _bspa _cPE-LiUPU _erda |
||
| 049 | _aPRUA | ||
| 082 | 0 | 4 |
_a228.07 _bR44 _221 |
| 100 | 1 |
_aResseguie, James L., _eautor. |
|
| 245 | 1 | 4 |
_aThe Revelation of John : _ba narrative commentary / _cJames L. Resseguie. |
| 264 | 1 |
_aGrand Rapids, Mich. : _bBaker Academic, _c2009. |
|
| 300 |
_a288 páginas : _bilustraciones ; _c23 centímetros |
||
| 336 |
_atext _2rdacontent |
||
| 337 |
_aunmediated _2rdamedia |
||
| 338 |
_avolume _2rdacarrier |
||
| 504 | _aIncluye bibliografía. | ||
| 505 | 0 | _aRevelation 1:1-8 -- Revelation 1:9-20 -- Revelation 2-3 -- Revelation 4 -- Revelation 5 -- Revelation 6 -- Revelation 7 -- Revelation 8-9 -- Revelation 10 -- Revelation 11 -- Revelation 12 -- Revelation 13 -- Revelation 14 -- Revelation 15 -- Revelation 16 -- Revelation 17 -- Revelation 18 -- Revelation 19 -- Revelation 20 -- Revelation 21:1-22:5 -- Revelation 22:6-21. | |
| 526 | _aSEG42 | ||
| 526 | _aSEG41 | ||
| 526 | _aSEG40 | ||
| 526 | _aSEG39 | ||
| 526 | _aP94 | ||
| 526 | _aP87 | ||
| 526 | _aP86 | ||
| 526 | _aP85 | ||
| 526 | _aP77 | ||
| 526 | _aP76 | ||
| 526 | _aP35 | ||
| 541 | _gW33380520101; | ||
| 541 | _g48101-1479; | ||
| 630 | 0 | 4 |
_aBiblia. _pN.T. _pApocalipsis _xComentarios. |
| 910 |
_agl _bjv _clch _d20091119 |
||
| 942 |
_2ddc _cBOOK |
||
| 949 |
_a228.07 R44 _wDEWEY _c1 _i60990 _d2016-1-5 _e2016-1-4 _lCCODEBUL1 _mBUL _n1 _p20.00 _r0 _sY _tBOOK _u2015-7-6 _xTEOLOGIA _zUNKNOWN _0COMPRA _o.STAFF. Colección Teología |
||
| 949 |
_a228.07 R44 _wDEWEY _c2 _i60644 _lCCODEBUL1 _mBUL _p25.00 _r0 _sY _tBOOK _u2015-7-6 _xTEOLOGIA _zUNKNOWN _0COMPRA _o.STAFF. Colección Teología |
||
| 994 |
_aC0 _bPEPRU |
||
| 596 | _a1 | ||
| 999 |
_a228.07 R44 _wDEWEY _c50060 _i60990 _d50060 _e2016-1-4 _f2021-11-9 _g5 _lCCODEBUL1 _mBUL _n1 _p25.00 _q3 _r0 _sY _tBOOK _u2015-7-6 _xTEOLOGIA _PP35 _0COMPRA _o.STAFF. Colección Teología |
||
| 999 |
_a228.07 R44 _wDEWEY _c2 _i60644 _f2021-11-9 _g5 _lCCODEBUL1 _mBUL _p25.00 _r0 _sY _tBOOK _u2015-7-6 _xTEOLOGIA _zUNKNOWN _0COMPRA _o.STAFF. Colección General |
||
| 999 |
_a228.07 R44 _wDEWEY _c3 _i75203 _d2019-5-15 _e2019-3-7 _f2021-11-9 _g4 _lCCODEBUL1 _mBUL _n5 _q9 _r0 _sY _tBOOK _u2017-1-9 _xTEOLOGIA _PP85 _0COMPRA _o.STAFF. Colección TEOLOGIA |
||
| 980 |
_81 _gALBERTO SANCHEZ Responsable de Automatización |
||